Statistics for World Cities by Pictures #4

Click here to take the quiz!

General Stats

  • This quiz has been taken 56 times
  • The average score is 5 of 12

Answer Stats

Answer% Correct
Rio de Janeiro
96%
Athens
87%
Kuala Lumpur
76%
Barcelona
70%
Denver
43%
Bogotá
35%
San Marino
33%
Tel Aviv
11%
Buenos Aires
9%
Kolkata
9%
Díli
7%
Antananarivo
6%

Score Distribution

Percentile by Number Answered

Percent of People with Each Score

Your Score History

You have not taken this quiz